[Event "AUT-ch Vor3 Internet"]
[Site "Playchess.com INT"]
[Date "2020.04.17"]
[Round "3"]
[White "Reyhani, Adel"]
[Black "Tauber, Andreas"]
[Result "1-0"]
[WhiteElo "1918"]
[BlackElo "1972"]
[PlyCount "59"]
[EventDate "2020.04.17"]
[EventType "swiss (blitz)"]
[EventRounds "9"]
[EventCountry "AUT"]
[SourceTitle "CBM 195 Extra"]
[Source "ChessBase"]
[SourceDate "2020.05.31"]
[SourceVersion "1"]
[SourceVersionDate "2020.05.31"]
[SourceQuality "1"]

1. e4 d6 2. d4 g6 3. Nc3 Bg7 4. Be3 Nf6 5. f3 Nbd7 6. Qd2 h5 7. h4 c5 8. dxc5 dxc5 9. Bc4 a6 10. a4 Qb6 11. a5 Qc7 12. Bf4 e5 13. Be3 0-0 14. Nd5 Nxd5 15. Bxd5 Nf6 16. c4 Rd8 17. Ne2 Be6 18. Nc3 b5 19. axb6 Qxb6 20. Na4 Qc7 21. Nxc5 Bxd5 22. cxd5 a5 23. 0-0 Bf8 24. Rfc1 Qe7 25. Bg5 Rd6 26. Rxa5 Rxa5 27. Qxa5 Rd8 28. b4 Rc8 29. Qa6 Bg7 30. Qxc8+ 1-0

[Event "AUT-ch"]
[Site "Vienna"]
[Date "2018.07.25"]
[Round "5"]
[White "Breneis, Lukas"]
[Black "Tauber, Andreas"]
[Result "1-0"]
[WhiteElo "2205"]
[BlackElo "1993"]
[PlyCount "77"]
[EventDate "2018.07.22"]
[EventType "swiss"]
[EventRounds "9"]
[EventCountry "AUT"]
[SourceTitle "CBM 185 Extra"]
[Source "ChessBase"]
[SourceDate "2018.07.29"]
[SourceVersion "1"]
[SourceVersionDate "2018.07.29"]
[SourceQuality "1"]

1. e4 c6 2. d4 d5 3. e5 c5 4. dxc5 Nc6 5. Nf3 Bg4 6. Bb5 Qa5+ 7. Nc3 e6 8. Bd2 Qc7 9. Bxc6+ bxc6 10. Be3 Bxf3 11. Qxf3 Qxe5 12. 0-0-0 Be7 13. h4 Qc7 14. Qg4 Nf6 15. Qa4 Nd7 16. Rhe1 Rb8 17. Bf4 e5 18. Bxe5 Nxe5 19. Nxd5 Qb7 20. b3 Ng6 21. Rxe7+ Nxe7 22. Re1 0-0 23. Nxe7+ Kh8 24. Nf5 Rfe8 25. Rxe8+ Rxe8 26. Qg4 Rg8 27. Nd6 Qe7 28. Qe4 Qf6 29. Qxc6 Qa1+ 30. Kd2 Qd4+ 31. Kc1 Qa1+ 32. Kd2 Qd4+ 33. Ke2 g6 34. Nxf7+ Kg7 35. Ng5 Qe5+ 36. Qe4 Re8 37. Qxe5+ Rxe5+ 38. Kd3 h6 39. Ne4 1-0

[Event "AUT-ch"]
[Site "Vienna"]
[Date "2018.07.22"]
[Round "1"]
[White "Hiermann, Dietmar"]
[Black "Tauber, Andreas"]
[Result "1/2-1/2"]
[WhiteElo "2202"]
[BlackElo "1993"]
[PlyCount "52"]
[EventDate "2018.07.22"]
[EventType "swiss"]
[EventRounds "9"]
[EventCountry "AUT"]
[SourceTitle "CBM 185 Extra"]
[Source "ChessBase"]
[SourceDate "2018.07.29"]
[SourceVersion "1"]
[SourceVersionDate "2018.07.29"]
[SourceQuality "1"]

1. e4 c5 2. Nf3 Nc6 3. d4 cxd4 4. Nxd4 Nf6 5. Nc3 e6 6. Be3 Bb4 7. Bd3 d5 8. Nxc6 bxc6 9. Bd2 e5 10. exd5 cxd5 11. Bb5+ Bd7 12. Bxd7+ Qxd7 13. 0-0 0-0 14. Re1 Qf5 15. Re2 Rac8 16. Nb5 Bc5 17. Nc3 d4 18. Na4 Bd6 19. Be1 Nd5 20. f3 Qg6 21. Bg3 h5 22. c3 Ne3 23. Qd2 Nc4 24. Qd1 Ne3 25. Qd2 Nc4 26. Qd1 Ne3 1/2-1/2

[Event "Hoersching op 5th"]
[Site "Hoersching"]
[Date "2017.08.28"]
[Round "1"]
[White "Tauber, Andreas"]
[Black "Strassmair, Christian"]
[Result "1-0"]
[WhiteElo "1953"]
[BlackElo "1610"]
[PlyCount "29"]
[EventDate "2017.08.28"]
[EventType "swiss"]
[EventRounds "7"]
[EventCountry "AUT"]
[SourceTitle "CBM 180 Extra"]
[Source "ChessBase"]
[SourceDate "2017.10.06"]
[SourceVersion "1"]
[SourceVersionDate "2017.10.06"]
[SourceQuality "1"]

1. e4 e5 2. Nf3 d6 3. d4 exd4 4. Nxd4 Nf6 5. Nc3 Be7 6. Be2 0-0 7. Be3 a6 8. g4 h6 9. h4 Nh7 10. Qd2 Bxh4 11. Bxh6 Bg5 12. Bxg5 Qxg5 13. f4 Qe7 14. Bd3 Re8 15. Qh2 1-0

[Event "AUT-ch U16"]
[Site "Woerth"]
[Date "2014.04.16"]
[Round "6"]
[White "Dodu, Iulian Laurentiu"]
[Black "Tauber, Andreas"]
[Result "1-0"]
[WhiteElo "1890"]
[BlackElo "1762"]
[PlyCount "143"]
[EventDate "2014.04.13"]
[EventType "swiss"]
[EventRounds "7"]
[EventCountry "AUT"]
[SourceTitle "EXT 2015"]
[Source "ChessBase"]
[SourceDate "2014.11.20"]
[SourceVersion "1"]
[SourceVersionDate "2014.11.20"]
[SourceQuality "1"]

1. e4 c6 2. d4 d5 3. exd5 cxd5 4. c4 Nf6 5. Nc3 e6 6. Nf3 Be7 7. Be2 0-0 8. 0-0 Nc6 9. Re1 b6 10. Ne5 Bb7 11. Bf3 Rc8 12. cxd5 Nxd5 13. Nxd5 exd5 14. Bf4 Bf6 15. Nxc6 Bxc6 16. Rc1 Bg5 17. Qd2 Bf6 18. Rc3 Qd7 19. h3 Qb7 20. Bg5 Bxg5 21. Qxg5 Rcd8 22. Rec1 Rd6 23. Bg4 Rg6 24. Qe5 h6 25. Bf5 Rf6 26. Rg3 Kh8 27. Re1 Qb8 28. Rf3 Qd6 29. Qxd6 Rxd6 30. Re7 a5 31. Be6 f6 32. Rg3 g5 33. Bf5 Re8 34. Rge3 Red8 35. Rh7+ Kg8 36. Ree7 Re8 37. Reg7+ Kf8 38. Bg6 Re1+ 39. Kh2 Be8 40. Rc7 Kg8 41. Rhg7+ Kh8 42. Bh7 Rd7 43. Rcxd7 Bxd7 44. Rxd7 Re2 45. Bg6 Rxf2 46. Rxd5 Kg7 47. Be4 Rxb2 48. a4 Kf7 49. Rd7+ Ke6 50. Rh7 Rb4 51. Bc6 Rxd4 52. Rxh6 Rd2 53. Kg3 Ke5 54. Rh8 Rd3+ 55. Kg4 Rd4+ 56. Kf3 f5 57. Re8+ Kf6 58. Rb8 Ke5 59. Rxb6 Rd3+ 60. Ke2 Rc3 61. Rb5+ Kf4 62. Bd7 Rc2+ 63. Kd3 Rxg2 64. Bxf5 Ra2 65. Rxa5 Ra3+ 66. Kc4 Ra1 67. Bg4 Rb1 68. Rf5+ Ke4 69. Rxg5 Rc1+ 70. Kb5 Rb1+ 71. Ka6 Rb8 72. a5 1-0

[Event "AUT-ch U16"]
[Site "Woerth"]
[Date "2014.04.15"]
[Round "5"]
[White "Tauber, Andreas"]
[Black "Horvath, Dominik"]
[Result "0-1"]
[WhiteElo "1762"]
[BlackElo "1786"]
[PlyCount "64"]
[EventDate "2014.04.13"]
[EventType "swiss"]
[EventRounds "7"]
[EventCountry "AUT"]
[SourceTitle "EXT 2015"]
[Source "ChessBase"]
[SourceDate "2014.11.20"]
[SourceVersion "1"]
[SourceVersionDate "2014.11.20"]
[SourceQuality "1"]

1. e4 c5 2. Nf3 Nc6 3. Bb5 g6 4. Bxc6 dxc6 5. d3 Bg7 6. h3 Nf6 7. Nc3 0-0 8. Be3 Nd7 9. Qd2 Re8 10. 0-0 b6 11. d4 cxd4 12. Bxd4 e5 13. Be3 Nf8 14. Ne2 Qxd2 15. Nxd2 f5 16. f3 Ba6 17. Rfe1 f4 18. Bf2 Rad8 19. Nf1 Rd7 20. Nc3 Ne6 21. Rad1 Red8 22. Rxd7 Rxd7 23. Rd1 Nd4 24. Bxd4 Rxd4 25. Re1 Bf8 26. Ne2 Bxe2 27. Rxe2 Bc5 28. Kh2 Rd1 29. b4 Bxb4 30. Ne3 fxe3 31. Rxe3 Bd2 32. Re2 Bf4+ 0-1

[Event "AUT-ch U14"]
[Site "Linz"]
[Date "2013.05.20"]
[Round "5"]
[White "Gelbenegger, Patrick"]
[Black "Tauber, Andreas"]
[Result "1-0"]
[WhiteElo "1834"]
[BlackElo "1535"]
[PlyCount "51"]
[EventDate "2013.05.18"]
[EventType "swiss"]
[EventRounds "7"]
[EventCountry "AUT"]
[SourceTitle "EXT 2015"]
[Source "ChessBase"]
[SourceDate "2014.11.20"]
[SourceVersion "1"]
[SourceVersionDate "2014.11.20"]
[SourceQuality "1"]

1. e4 e5 2. Nf3 Nc6 3. Bc4 Nf6 4. d3 Be7 5. Nc3 d6 6. Be3 Na5 7. Bb3 Nxb3 8. axb3 c5 9. 0-0 Bg4 10. h3 Be6 11. Nd2 0-0 12. f4 d5 13. fxe5 d4 14. exf6 Bxf6 15. Bxd4 Bxd4+ 16. Kh1 Qd7 17. Nf3 f6 18. Qd2 g5 19. Na4 h5 20. c3 b5 21. cxd4 bxa4 22. d5 Bf7 23. Nxg5 fxg5 24. Qxg5+ Kh8 25. Qh6+ Kg8 26. Rf5 1-0